|
|
|
|
| LEADER |
00000nas a22000007a 4500 |
| 001 |
ssj0000327357 |
| 003 |
WaSeSS |
| 005 |
20200512172242.0 |
| 006 |
m d |
| 007 |
cr n |
| 008 |
081125c20089999couqr ss 0 a0eng d |
| 010 |
|
|
|a 2008214175
|
| 022 |
|
|
|a 1944-5091
|l 1944-5083
|y 1944-5083
|
| 035 |
|
|
|a (WaSeSS)ssj0000327357
|
| 037 |
|
|
|b Integral Institute, 4450 Arapohoe Ave., Ste. 100, Boulder, CO 80303
|
| 040 |
|
|
|a NSD
|b eng
|c NSD
|d OCLCQ
|d NZAUC
|d OCLCO
|d OCLCF
|d OCLCO
|d OCLCQ
|d OCLCO
|d WaSeSS
|
| 042 |
|
|
|a nsdp
|
| 130 |
0 |
|
|a Journal of integral theory and practice (Online)
|
| 222 |
|
0 |
|a Journal of integral theory and practice
|b (Online)
|
| 245 |
1 |
0 |
|a Journal of integral theory and practice
|h [electronic resource].
|
| 260 |
|
|
|a Boulder, CO :
|b Integral Institute
|
| 310 |
|
|
|a Quarterly
|
| 362 |
0 |
|
|a Vol. 3, no. 1 (spring 2008)-
|
| 500 |
|
|
|a Title from title screen; viewed publisher's Web site Nov. 25, 2008.
|
| 506 |
|
|
|a License restrictions may limit access.
|
| 538 |
|
|
|a Mode of access: World Wide Web.
|
| 650 |
|
0 |
|a Social sciences
|x Mathematical models
|v Periodicals.
|
| 650 |
|
0 |
|a Integrals
|v Periodicals.
|
| 650 |
|
7 |
|a Integrals.
|2 fast
|0 (OCoLC)fst00975518
|
| 650 |
|
7 |
|a Social sciences
|x Mathematical models.
|2 fast
|0 (OCoLC)fst01122931
|
| 655 |
|
0 |
|a Electronic journals.
|
| 710 |
2 |
|
|a Integral Institute.
|
| 776 |
0 |
8 |
|i Print version?
|t Journal of integral theory and practice
|x 1944-5083
|w (DLC) 2008214167
|
| 856 |
4 |
0 |
|z Full text available from Research Library: 03/01/2012 to 12/31/2014
|u https://search.proquest.com/publication/886371
|